[Event "Junior Online 4NCL Division 3"]
[Site "online"]
[Date "2020.10.29"]
[Round "6.86"]
[White "Dhir, Jai Alexander"]
[Black "Harper, Lauren"]
[Result "1-0"]
[WhiteElo "1000"]
[BlackElo "767"]
[PlyCount "47"]
[EventDate "2020.10.29"]
[WhiteTeam "Uxbridge JAMMA"]
[BlackTeam "Blue Foxes"]

1. e4 e5 2. Nf3 Nf6 3. Nc3 Bb4 4. Bd3 O-O 5. O-O Nc6 6. a3 d6 7. axb4 Nxb4 8.
b3 Na6 9. Bxa6 bxa6 10. Nd5 Nxd5 11. exd5 Bb7 12. c4 c6 13. dxc6 Bxc6 14. Rxa6
Bb7 15. Ra1 f6 16. d3 g5 17. Re1 Bxf3 18. Qxf3 h6 19. Qh5 Qe8 20. Qxh6 Kf7 21.
Ba3 Ke7 22. Qh7+ Ke6 23. d4 Rb8 24. d5# 1-0

[Event "Junior Online 4NCL Division 3"]
[Site "online"]
[Date "2020.10.29"]
[Round "6.88"]
[White "Tang, Kei Hon"]
[Black "Mehta, Zara"]
[Result "1-0"]
[WhiteElo "925"]
[BlackElo "775"]
[PlyCount "61"]
[EventDate "2020.10.29"]
[WhiteTeam "Uxbridge JAMMA"]
[BlackTeam "Blue Foxes"]

1. d4 d5 2. Nf3 Nc6 3. Nc3 Bf5 4. h3 Qd7 5. g4 Be6 6. Bf4 Nb4 7. a3 Nc6 8. b4
h5 9. e3 hxg4 10. hxg4 Bxg4 11. Nh2 Bxd1 12. Rxd1 Rd8 13. Bd3 Qe6 14. Bxc7 Rd7
15. Bg3 Qh6 16. Nb5 a6 17. Na7 Nxa7 18. a4 Nf6 19. b5 axb5 20. axb5 Nh5 21. Bh4
Rc7 22. b6 Rc3 23. bxa7 Rxd3 24. a8=Q+ Kd7 25. Qxb7+ Kd6 26. Rxd3 Qe6 27. Qb6+
Kd7 28. Qa7+ Kd8 29. Rc3 f6 30. Rb3 Qe4 31. Rb8# 1-0

[Event "Junior Online 4NCL Division 3"]
[Site "online"]
[Date "2020.10.29"]
[Round "6.91"]
[White "Taylor, Tamuka"]
[Black "Tang, Brian"]
[Result "0-1"]
[WhiteElo "700"]
[BlackElo "1577"]
[PlyCount "68"]
[EventDate "2020.10.29"]
[WhiteTeam "Watford Juniors E"]
[BlackTeam "Surrey Kings 1"]

1. e4 e5 2. Nf3 Nc6 3. Bc4 Nf6 4. Nc3 Nxe4 5. Nxe4 d5 6. Bb5 dxe4 7. Bxc6+ bxc6
8. Nxe5 Qd5 9. d4 c5 10. f4 cxd4 11. O-O Be7 12. c3 d3 13. c4 Qd4+ 14. Kh1 O-O
15. a4 f6 16. Ng4 Qxc4 17. Re1 Bb4 18. Rf1 d2 19. Bxd2 Bxd2 20. Qxd2 Bxg4 21.
h3 Be6 22. f5 Bf7 23. Rfc1 Rad8 24. Qf4 Qa6 25. Qxc7 Rc8 26. Qf4 Rxc1+ 27. Rxc1
Rc8 28. Rd1 Qe2 29. Qc7 Rxc7 30. Rd8+ Be8 31. Rxe8+ Kf7 32. Ra8 Qf1+ 33. Kh2
Qf4+ 34. Kg1 Rc1# 0-1

[Event "Junior Online 4NCL Division 3"]
[Site "online"]
[Date "2020.10.29"]
[Round "6.93"]
[White "Karthik, Trivikraman"]
[Black "Lee, Damin"]
[Result "0-1"]
[WhiteElo "700"]
[BlackElo "1150"]
[PlyCount "58"]
[EventDate "2020.10.29"]
[WhiteTeam "Watford Juniors E"]
[BlackTeam "Surrey Kings 1"]

1. d4 d5 2. Bf4 Nf6 3. e3 Bf5 4. c3 e6 5. Nd2 g6 6. Ngf3 Bg7 7. Be2 O-O 8. O-O
Nc6 9. Ng5 Ne4 10. Ngxe4 Bxe4 11. Nxe4 dxe4 12. f3 exf3 13. Bxf3 Rb8 14. e4 f6
15. Qb3 Re8 16. Bg4 Qd7 17. Rac1 Kh8 18. Kh1 f5 19. Rg1 fxg4 20. h4 gxh3 21.
gxh3 Bxd4 22. Rgf1 Rf8 23. cxd4 Nxd4 24. Qb4 Ne2 25. Bh6 Rxf1+ 26. Kh2 Nxc1 27.
Qc3+ Kg8 28. Qg7+ Qxg7 29. Bxg7 Kxg7 0-1

[Event "Junior Online 4NCL Division 3"]
[Site "online"]
[Date "2020.10.29"]
[Round "6.94"]
[White "Flanders, William"]
[Black "Balakrishnan, Akshata"]
[Result "1-0"]
[WhiteElo "1111"]
[BlackElo "700"]
[PlyCount "51"]
[EventDate "2020.10.29"]
[WhiteTeam "Surrey Kings 1"]
[BlackTeam "Watford Juniors E"]

1. e4 e5 2. Nc3 Nc6 3. Nf3 Nf6 4. Bc4 Bc5 5. O-O O-O 6. d3 d6 7. Bg5 Bg4 8.
Bxf6 Bxf3 9. gxf3 gxf6 10. f4 f5 11. exf5 exf4 12. Qg4+ Kh8 13. Rae1 Qe7 14.
Rxe7 Rae8 15. Rxe8 Rxe8 16. Qxf4 Nd4 17. Na4 Bb6 18. c3 Nc6 19. Nxb6 axb6 20.
Bxf7 Rf8 21. Bd5 Rg8+ 22. Bxg8 Kxg8 23. Qc4+ Kh8 24. Re1 Na5 25. Qf7 b5 26.
Re8# 1-0

[Event "Junior Online 4NCL Division 3"]
[Site "online"]
[Date "2020.10.29"]
[Round "6.96"]
[White "Mehta, Devina"]
[Black "Thompson, Alex"]
[Result "0-1"]
[WhiteElo "700"]
[BlackElo "1472"]
[PlyCount "40"]
[EventDate "2020.10.29"]
[WhiteTeam "Watford Juniors E"]
[BlackTeam "Surrey Kings 1"]

1. e4 e6 2. Nf3 d5 3. Nc3 d4 4. Nxd4 Qxd4 5. Bb5+ Nc6 6. d3 Bb4 7. O-O Bxc3 8.
bxc3 Qb6 9. Rb1 a6 10. Bxc6+ Qxc6 11. d4 Ne7 12. c4 Qxe4 13. c3 Qxb1 14. Qa4+
Bd7 15. Qd1 Qg6 16. d5 O-O-O 17. Ba3 Rhe8 18. c5 Bc6 19. Qf3 Bxd5 20. Qe3 Qxg2#
0-1

[Event "Junior Online 4NCL Division 3"]
[Site "online"]
[Date "2020.10.29"]
[Round "6.97"]
[White "Lee, Damin"]
[Black "Karthik, Trivikraman"]
[Result "1-0"]
[WhiteElo "1150"]
[BlackElo "700"]
[PlyCount "43"]
[EventDate "2020.10.29"]
[WhiteTeam "Surrey Kings 1"]
[BlackTeam "Watford Juniors E"]

1. e4 d6 2. d4 Nf6 3. Nc3 Nbd7 4. Nf3 e6 5. g3 Be7 6. Bg2 O-O 7. O-O Nb6 8. Bg5
h6 9. Bxf6 gxf6 10. d5 Nc4 11. Rb1 exd5 12. exd5 Bf5 13. b3 Ne5 14. Nh4 Be6 15.
Qh5 Bd7 16. Nf5 Bb5 17. Rfe1 c5 18. Be4 Ba6 19. Nxh6+ Kh8 20. Nxf7+ Kg8 21.
Nxd8 Raxd8 22. Qh7# 1-0

[Event "Junior Online 4NCL Division 3"]
[Site "online"]
[Date "2020.10.29"]
[Round "6.98"]
[White "Balakrishnan, Akshata"]
[Black "Flanders, William"]
[Result "0-1"]
[WhiteElo "700"]
[BlackElo "1111"]
[PlyCount "70"]
[EventDate "2020.10.29"]
[WhiteTeam "Watford Juniors E"]
[BlackTeam "Surrey Kings 1"]

1. e4 e5 2. Nf3 Nc6 3. Nc3 Nf6 4. Bc4 Bc5 5. O-O O-O 6. Qe2 d6 7. d3 Bg4 8. h3
Bxf3 9. gxf3 Nd4 10. Qd2 Nxf3+ 11. Kh1 Nxd2 12. Bxd2 c6 13. Kg1 d5 14. exd5
cxd5 15. Bb5 a6 16. Ba4 d4 17. Ne2 b5 18. Bb3 a5 19. c4 bxc4 20. dxc4 a4 21.
Bc2 d3 22. Bd1 Ne4 23. Ng3 Nxd2 24. b3 Nxf1 25. bxa4 Bd4 26. Rc1 Nxg3 27. c5
Ne4 28. c6 Qg5+ 29. Kh2 Qxc1 30. Bf3 Nxf2 31. Kg3 Qg1+ 32. Kh4 Nxh3 33. Kxh3
Rxa4 34. c7 Rxa2 35. Kh4 Rh2# 0-1

[Event "Junior Online 4NCL Division 3"]
[Site "online"]
[Date "2020.10.29"]
[Round "6.101"]
[White "Kriel, Daniel"]
[Black "Dissanayake, Sathsara"]
[Result "1-0"]
[WhiteElo "1135"]
[BlackElo "850"]
[PlyCount "56"]
[EventDate "2020.10.29"]
[WhiteTeam "Brentwood School B"]
[BlackTeam "Leicestershire Juniors 6"]

1. e4 e5 2. Nf3 Nf6 3. Nc3 d6 4. Bc4 Be6 5. Bxe6 fxe6 6. d3 d5 7. Bg5 d4 8. Nb5
h6 9. Bxf6 gxf6 10. O-O c6 11. Na3 Qa5 12. c3 Bxa3 13. bxa3 dxc3 14. Rb1 b6 15.
Qc1 O-O 16. Rb3 b5 17. Rxc3 Rc8 18. Nh4 Na6 19. Ng6 Kf7 20. Nh4 c5 21. Qd2 Rd8
22. Rfc1 Rac8 23. Qxh6 Ke7 24. Qg7+ Kd6 25. Qxf6 Nc7 26. Ng6 Rg8 27. Ne7 Rgf8
28. Nxc8+ Kd7 1-0

[Event "Junior Online 4NCL Division 3"]
[Site "online"]
[Date "2020.10.29"]
[Round "6.102"]
[White "Das, Aman"]
[Black "van Enckevort, Noah"]
[Result "0-1"]
[WhiteElo "850"]
[BlackElo "1000"]
[PlyCount "50"]
[EventDate "2020.10.29"]
[WhiteTeam "Leicestershire Juniors 6"]
[BlackTeam "Brentwood School B"]

1. e4 d5 2. f4 dxe4 3. Bb5+ c6 4. Bc4 Be6 5. d3 Bxc4 6. dxc4 Nf6 7. Qxd8+ Kxd8
8. f5 Na6 9. c5 Nb4 10. Bd2 Nxc2+ 11. Kf1 Nxa1 12. Nc3 Nc2 13. Bg5 h6 14. Nd5
Nxd5 15. Bf6 exf6 16. Nf3 Bxc5 17. g3 h5 18. g4 hxg4 19. Rg1 gxf3 20. Rg2 fxg2+
21. Ke2 Nde3 22. Kd2 Rxh2 23. b4 g1=Q+ 24. Kc3 Qa1+ 25. Kb3 g6 0-1

[Event "Junior Online 4NCL Division 3"]
[Site "online"]
[Date "2020.10.29"]
[Round "6.103"]
[White "Coppell, Gracie"]
[Black "Mittal, Aarav"]
[Result "0-1"]
[WhiteElo "962"]
[BlackElo "812"]
[PlyCount "38"]
[EventDate "2020.10.29"]
[WhiteTeam "Brentwood School B"]
[BlackTeam "Leicestershire Juniors 6"]

1. e4 e5 2. Nf3 Nf6 3. Nc3 Bc5 4. Nxe5 Nc6 5. Nxc6 bxc6 6. Bc4 Ng4 7. O-O Qh4
8. h3 Nf6 9. Na4 Bb4 10. Qf3 d6 11. a3 g5 12. axb4 g4 13. Qf4 Nh5 14. Qxf7+ Kd8
15. d3 gxh3 16. Bg5+ Qxg5 17. Be6 Bxe6 18. Qxe6 Nf4 19. Rfd1 Qxg2# 0-1

[Event "Junior Online 4NCL Division 3"]
[Site "online"]
[Date "2020.10.29"]
[Round "6.105"]
[White "Dissanayake, Sathsara"]
[Black "Kriel, Daniel"]
[Result "1-0"]
[WhiteElo "850"]
[BlackElo "1135"]
[PlyCount "117"]
[EventDate "2020.10.29"]
[WhiteTeam "Leicestershire Juniors 6"]
[BlackTeam "Brentwood School B"]

1. e4 e5 2. Nf3 Nc6 3. Bb5 Bc5 4. d3 Nf6 5. Bg5 d6 6. O-O Bg4 7. h3 a6 8. hxg4
axb5 9. Bxf6 Qxf6 10. Nc3 O-O 11. Nd5 Qd8 12. Qe2 Nd4 13. Nxd4 Bxd4 14. c3 c6
15. cxd4 cxd5 16. dxe5 dxe5 17. exd5 Qxd5 18. Qe4 Qd6 19. Qxb7 Qxd3 20. Rfd1
Qc4 21. Rdc1 Qxg4 22. Qxb5 Rab8 23. Qxe5 Rxb2 24. Qxb2 Re8 25. Re1 Rf8 26. Qc2
g5 27. Re4 Qf5 28. Re2 Qf6 29. Rd1 h6 30. Qe4 Qa6 31. Qd3 Qa5 32. Qd2 Qb6 33.
Qe3 Qc6 34. Qe4 Qb5 35. Qe5 Qa4 36. Qe4 Qa7 37. Qd4 Qc7 38. Qd7 Qa5 39. Qd5 Qa4
40. Qd4 Qa5 41. Qd2 Qf5 42. Qd5 Qg4 43. Qf3 Qh4 44. Qh3 Qa4 45. Kf1 Qxd1+ 46.
Re1 Qd2 47. Re2 Qa5 48. Qxh6 Qb5 49. Qh5 Re8 50. g3 Qxe2+ 51. Qxe2 Rxe2 52.
Kxe2 Kf8 53. Kf3 Ke7 54. Kg4 f6 55. Kf5 Kf7 56. a4 Ke7 57. Kg6 f5 58. Kxf5 g4
59. Kxg4 1-0

[Event "Junior Online 4NCL Division 3"]
[Site "online"]
[Date "2020.10.29"]
[Round "6.106"]
[White "van Enckevort, Noah"]
[Black "Das, Aman"]
[Result "1/2-1/2"]
[WhiteElo "1000"]
[BlackElo "850"]
[PlyCount "173"]
[EventDate "2020.10.29"]
[WhiteTeam "Brentwood School B"]
[BlackTeam "Leicestershire Juniors 6"]

1. d4 Nc6 2. e4 Nf6 3. e5 Ne4 4. Nc3 g6 5. Nxe4 Bg7 6. Bf4 d5 7. Ng5 Bf5 8. Bd3
Bxd3 9. Qxd3 Qd7 10. Qb3 O-O-O 11. Nxf7 Nxd4 12. Qd3 Nf5 13. Nxh8 Bxh8 14. Nf3
Nh4 15. Nxh4 g5 16. Bxg5 Bxe5 17. c3 d4 18. Nf5 dxc3 19. Nxe7+ Kb8 20. Nc6+
bxc6 21. Rd1 Qxd3 22. Bxd8 Qe4+ 23. Kf1 Qf5 24. g3 Bf6 25. Kg2 Qe4+ 26. f3 Qe2+
27. Kh3 Qxf3 28. Bxf6 Qxf6 29. bxc3 Qxc3 30. Rc1 Qf3 31. Rhf1 Qd5 32. a3 Qb5
33. g4 Qd3+ 34. Kh4 Qxa3 35. h3 Qe7+ 36. g5 Qe4+ 37. Kh5 Qg2 38. Rh1 Qe4 39.
Rcg1 c5 40. g6 hxg6+ 41. Rxg6 Qxh1 42. h4 Qd5+ 43. Rg5 Qd4 44. Rg4 Qe5+ 45. Rg5
Qe2+ 46. Kg6 c4 47. h5 Qh2 48. h6 c3 49. Rc5 c2 50. h7 c1=Q 51. Rxc1 a5 52. Kg7
Qg2+ 53. Kh6 Qd2+ 54. Kg7 Qxc1 55. h8=Q+ Kb7 56. Kf6 a4 57. Qg8 a3 58. Ke7 a2
59. Qxa2 Qc5+ 60. Ke6 c6 61. Kf6 Qd4+ 62. Ke6 c5 63. Qd5+ Kb6 64. Qd6+ Kb5 65.
Qb8+ Ka4 66. Qa7+ Kb4 67. Qb6+ Kc3 68. Qa5+ Kd3 69. Qa3+ Ke4 70. Qa8+ Ke3 71.
Qa3+ Kf4 72. Qc1+ Ke4 73. Qe1+ Kd3 74. Qd1+ Ke4 75. Qg4+ Ke3 76. Qg1+ Kf3 77.
Qh1+ Kg3 78. Kf5 Qf4+ 79. Ke6 c4 80. Qh8 Qe3+ 81. Kd5 c3 82. Qc8 Qf3+ 83. Kd4
Qf6+ 84. Kd3 Qf3+ 85. Kc2 Qe3 86. Qxc3 Qxc3+ 87. Kxc3 1/2-1/2

[Event "Junior Online 4NCL Division 3"]
[Site "online"]
[Date "2020.10.29"]
[Round "6.107"]
[White "Mittal, Aarav"]
[Black "Coppell, Gracie"]
[Result "0-1"]
[WhiteElo "812"]
[BlackElo "962"]
[PlyCount "33"]
[EventDate "2020.10.29"]
[WhiteTeam "Leicestershire Juniors 6"]
[BlackTeam "Brentwood School B"]

1. e4 e5 2. Bc4 Nf6 3. Nf3 Bc5 4. Ng5 O-O 5. d3 d6 6. Nh3 Ng4 7. O-O Qf6 8. Bg5
Qg6 9. Nc3 Nf6 10. Ne2 Bxh3 11. gxh3 Qxg5+ 12. Ng3 Nc6 13. Re1 Qf4 14. Rf1 Nd4
15. Qe1 Nf3+ 16. Kh1 Nxe1 17. Rfxe1 0-1

[Event "Junior Online 4NCL Division 3"]
[Site "online"]
[Date "2020.10.29"]
[Round "6.108"]
[White "Measday, Austin"]
[Black "Gadhia, Sathya"]
[Result "1-0"]
[WhiteElo "925"]
[BlackElo "812"]
[PlyCount "109"]
[EventDate "2020.10.29"]
[WhiteTeam "Brentwood School B"]
[BlackTeam "Leicestershire Juniors 6"]

1. e4 Nf6 2. Bc4 Nc6 3. f4 d6 4. e5 dxe5 5. fxe5 Nxe5 6. Bb3 Bg4 7. d4 Nc6 8.
Qd3 Qxd4 9. h3 Qxd3 10. cxd3 Bf5 11. Nf3 Bxd3 12. Bc2 Bxc2 13. Na3 Rd8 14. Nxc2
e5 15. O-O Bc5+ 16. Ne3 O-O 17. Kf2 Bb4 18. Nc2 Bc5+ 19. Ne3 Bxe3+ 20. Bxe3 Rd7
21. g4 Rfd8 22. g5 Rd1 23. Raxd1 Rxd1 24. Rxd1 e4 25. Nd2 b5 26. gxf6 gxf6 27.
Nxe4 f5 28. Nc5 Nb4 29. Nb7 Nxa2 30. Rd8+ Kg7 31. Bc5 Nc1 32. b4 f4 33. Kf3 Nd3
34. Bd4+ f6 35. Nc5 Nxc5 36. bxc5 Kg6 37. h4 c6 38. Kxf4 f5 39. Rd6+ Kf7 40.
Rxc6 Ke7 41. Rc7+ Ke6 42. Rxa7 h5 43. c6 b4 44. c7 Kd7 45. Bc5 b3 46. Bd4 Kc8
47. Kxf5 Kd7 48. Kg5 Kc8 49. Kxh5 Kd7 50. Kg5 b2 51. Bxb2 Kc6 52. h5 Kd7 53. h6
Ke7 54. h7 Kf8 55. c8=Q# 1-0

[Event "Junior Online 4NCL Division 3"]
[Site "online"]
[Date "2020.10.29"]
[Round "6.111"]
[White "Jonikas, Augustas"]
[Black "Ye, Tim"]
[Result "1/2-1/2"]
[WhiteElo "1547"]
[BlackElo "1367"]
[PlyCount "61"]
[EventDate "2020.10.29"]
[WhiteTeam "Surbiton Juniors B"]
[BlackTeam "Manchester Juniors C"]

1. c4 e6 2. d3 d5 3. cxd5 exd5 4. g3 Nf6 5. Bg2 Nc6 6. Bd2 g6 7. Nc3 Be6 8. Qc2
Bg7 9. e4 d4 10. Nce2 O-O 11. f4 Re8 12. Nf3 Qd7 13. O-O Bh3 14. Rac1 Bxg2 15.
Kxg2 Rac8 16. Qa4 a6 17. Qb3 Rb8 18. Bb4 Nxb4 19. Qxb4 Ng4 20. Rh1 Qe6 21.
Nexd4 Bxd4 22. Qxd4 Qxa2 23. h3 Nh6 24. g4 Kf8 25. Qb4+ Kg7 26. Rxc7 a5 27.
Qd4+ Kf8 28. Qd6+ Kg7 29. Qd4+ Kf8 30. Qd6+ Kg7 31. Qd4+ 1/2-1/2

[Event "Junior Online 4NCL Division 3"]
[Site "online"]
[Date "2020.10.29"]
[Round "6.113"]
[White "Tran, Joseph"]
[Black "Burke, Alexander"]
[Result "1-0"]
[WhiteElo "1337"]
[BlackElo "1292"]
[PlyCount "65"]
[EventDate "2020.10.29"]
[WhiteTeam "Surbiton Juniors B"]
[BlackTeam "Manchester Juniors C"]

1. e4 e5 2. Nf3 Nc6 3. Bc4 Bc5 4. c3 Nh6 5. d4 exd4 6. cxd4 Bb4+ 7. Nc3 Qf6 8.
Bxh6 Qxh6 9. Qc1 Qg6 10. Qg5 Qxe4+ 11. Qe3 Qxe3+ 12. fxe3 Bxc3+ 13. bxc3 O-O
14. O-O d6 15. Ng5 Nd8 16. Rf2 c6 17. Raf1 d5 18. Bd3 f6 19. Nxh7 Re8 20. Rf3
Nf7 21. Rg3 Kh8 22. Nxf6 gxf6 23. Rxf6 Rf8 24. Rgf3 Kg7 25. Rg6+ Kh8 26. Rgf6
Kg7 27. R6f4 Be6 28. Rg3+ Ng5 29. Rxg5+ Kh6 30. Rg6+ Kh5 31. Rxf8 Rxf8 32. Rxe6
Rb8 33. Re5+ 1-0

[Event "Junior Online 4NCL Division 3"]
[Site "online"]
[Date "2020.10.29"]
[Round "6.114"]
[White "Eccleston, Rowan"]
[Black "Sheftel, Sam"]
[Result "1-0"]
[WhiteElo "1285"]
[BlackElo "1300"]
[PlyCount "163"]
[EventDate "2020.10.29"]
[WhiteTeam "Manchester Juniors C"]
[BlackTeam "Surbiton Juniors B"]

1. f4 e6 2. Nf3 Bc5 3. e3 Nf6 4. b3 O-O 5. Bb2 Nc6 6. Bd3 d5 7. a3 Ne4 8. O-O
a6 9. Qe1 Be7 10. Nc3 Bf6 11. Rb1 Nxc3 12. Bxc3 Bxc3 13. dxc3 Qe7 14. Qg3 Qxa3
15. Qh3 h6 16. g4 Qc5 17. Ng5 e5 18. b4 Qd6 19. Nf3 e4 20. b5 axb5 21. Bxb5
exf3 22. Qxf3 Qg6 23. Rbc1 Qxg4+ 24. Qxg4 Bxg4 25. Rb1 Na7 26. Bd3 b6 27. Kg2
g6 28. Kg3 Bf5 29. Be2 Bxc2 30. Rbc1 Be4 31. c4 dxc4 32. Bxc4 Kh7 33. Bb3 g5
34. Rxc7 gxf4+ 35. exf4 Rg8+ 36. Kh3 Bf5+ 37. Kh4 Be6 38. Bxe6 Rg7 39. Rxf7
Rxf7 40. Bxf7 Nc6 41. Rb1 Rb8 42. f5 Nd4 43. Bg6+ Kg7 44. Rd1 Nf3+ 45. Kg3 Ne5
46. Bh5 Kf6 47. Kf4 b5 48. Rd6+ Ke7 49. Kxe5 b4 50. Rd1 b3 51. Rb1 b2 52. f6+
Kf8 53. Kf5 Rb5+ 54. Kg6 Rb6 55. Bf3 Kg8 56. h4 Kf8 57. h5 Kg8 58. Bd5+ Kf8 59.
Kxh6 Rxf6+ 60. Kg5 Rd6 61. Be4 Rd4 62. Bf5 Rd5 63. Rxb2 Kg7 64. Rb6 Kh8 65. h6
Kg8 66. h7+ Kg7 67. h8=Q+ Kxh8 68. Rh6+ Kg7 69. Re6 Kf7 70. Rc6 Ke7 71. Kg6 Kd8
72. Kf6 Ke8 73. Ke6 Rd1 74. Rc8+ Rd8 75. Rc5 Kf8 76. Kf6 Rd6+ 77. Be6 Ke8 78.
Rc7 Kd8 79. Rg7 Rb6 80. Rf7 Ke8 81. Rg7 Kf8 82. Rg8# 1-0

[Event "Junior Online 4NCL Division 3"]
[Site "online"]
[Date "2020.10.29"]
[Round "6.115"]
[White "Ye, Tim"]
[Black "Jonikas, Augustas"]
[Result "0-1"]
[WhiteElo "1367"]
[BlackElo "1547"]
[PlyCount "100"]
[EventDate "2020.10.29"]
[WhiteTeam "Manchester Juniors C"]
[BlackTeam "Surbiton Juniors B"]

1. e4 e5 2. Nf3 Nc6 3. Bc4 Bc5 4. c3 d6 5. d4 exd4 6. cxd4 Bb6 7. Bb5 Bd7 8.
Nc3 a6 9. Ba4 Ba5 10. O-O b5 11. Bb3 Nge7 12. h3 Ng6 13. Bd5 O-O 14. e5 dxe5
15. Nxe5 Ngxe5 16. dxe5 Rc8 17. Bf4 Re8 18. Re1 Bxc3 19. bxc3 Ne7 20. Bb3 c5
21. c4 b4 22. Qd6 Rc6 23. Qd3 Bf5 24. Qxd8 Rxd8 25. Red1 Rcc8 26. Rd6 Ng6 27.
Bg3 Kf8 28. Rad1 Ke7 29. Rxa6 Rxd1+ 30. Bxd1 Bd3 31. Bb3 Rd8 32. Ra7+ Ke6 33.
f4 Rd4 34. Rc7 Bxc4 35. Rxc5 Bxb3 36. axb3 Nxf4 37. Bxf4 Rxf4 38. Rb5 Kf5 39.
g3 Re4 40. Kf2 h5 41. h4 Rd4 42. e6+ Kxe6 43. Rxh5 Rd3 44. Rb5 Rxb3 45. Kg2
Rb2+ 46. Kh3 b3 47. Kg4 Rb1 48. Kf4 b2 49. Ke4 Re1+ 50. Kf4 b1=Q 0-1

[Event "Junior Online 4NCL Division 3"]
[Site "online"]
[Date "2020.10.29"]
[Round "6.117"]
[White "Burke, Alexander"]
[Black "Tran, Joseph"]
[Result "0-1"]
[WhiteElo "1292"]
[BlackElo "1337"]
[PlyCount "110"]
[EventDate "2020.10.29"]
[WhiteTeam "Manchester Juniors C"]
[BlackTeam "Surbiton Juniors B"]

1. e4 e5 2. Nf3 Nc6 3. Bc4 Bc5 4. c3 Nf6 5. Ng5 O-O 6. Nxf7 Rxf7 7. Bxf7+ Kxf7
8. O-O Nxe4 9. d4 exd4 10. cxd4 Bxd4 11. Qf3+ Nf6 12. Nd2 b6 13. Ne4 Bb7 14.
Bg5 Bxb2 15. Rab1 Bd4 16. Qb3+ d5 17. Nxf6 Bxf6 18. Qf3 Nd4 19. Qh5+ Kg8 20.
Bxf6 Qxf6 21. a4 Qf5 22. Qd1 Qe4 23. a5 Ne2+ 24. Kh1 d4 25. f3 Qe6 26. Re1 Nc3
27. Qxd4 Qf6 28. Qc4+ Bd5 29. Qa4 Nxa4 30. axb6 cxb6 31. Ra1 Nc5 32. Red1 h6
33. Rab1 Bb3 34. Rg1 Bc2 35. Rbc1 Bg6 36. Rce1 Nd3 37. Ref1 Qd4 38. h3 Nf2+ 39.
Kh2 Qf4+ 40. g3 Qe3 41. Rg2 Nd3 42. Rh1 Qxf3 43. Rhg1 Be4 44. h4 Qxg2+ 45. Rxg2
Bxg2 46. Kxg2 a5 47. Kf3 a4 48. Ke2 a3 49. Kd2 a2 50. Kxd3 a1=Q 51. Kc4 Rd8 52.
Kb5 Qc3 53. Kxb6 Rb8+ 54. Ka7 Rb1 55. Ka6 Qa3# 0-1

[Event "Junior Online 4NCL Division 3"]
[Site "online"]
[Date "2020.10.29"]
[Round "6.118"]
[White "Sheftel, Sam"]
[Black "Eccleston, Rowan"]
[Result "1-0"]
[WhiteElo "1300"]
[BlackElo "1285"]
[PlyCount "57"]
[EventDate "2020.10.29"]
[WhiteTeam "Surbiton Juniors B"]
[BlackTeam "Manchester Juniors C"]

1. e4 e6 2. Bc4 d5 3. exd5 exd5 4. Bb5+ Bd7 5. Bxd7+ Nxd7 6. Nf3 Qf6 7. O-O
O-O-O 8. Nc3 Bd6 9. Nxd5 Qe6 10. Nc3 Ngf6 11. d3 h5 12. Bg5 Rh7 13. Bxf6 Nxf6
14. g3 h4 15. Ng5 Rh5 16. Nxe6 Rdh8 17. Nxg7 R5h7 18. Qf3 hxg3 19. Qxf6 Rxh2
20. Qf5+ Kb8 21. fxg3 Bxg3 22. Qg4 Bf2+ 23. Rxf2 Rh1+ 24. Kg2 R8h2+ 25. Kg3
Rh3+ 26. Qxh3 Rxh3+ 27. Kxh3 f5 28. Re1 f4 29. Re8# 1-0

[Event "Junior Online 4NCL Division 3"]
[Site "online"]
[Date "2020.10.29"]
[Round "6.123"]
[White "Wang, Xiling"]
[Black "Mangalagiri, Pranav"]
[Result "1-0"]
[WhiteElo "1075"]
[BlackElo "970"]
[PlyCount "131"]
[EventDate "2020.10.29"]
[WhiteTeam "Harrow Juniors E"]
[BlackTeam "Uxbridge Juniors B"]

1. e4 c5 2. Nf3 d5 3. Nc3 d4 4. Nd5 e6 5. Nf4 Nc6 6. Bb5 Bd7 7. Bxc6 Bxc6 8. e5
Bxf3 9. Qxf3 f6 10. exf6 Nxf6 11. Nxe6 Qe7 12. Qe2 Nd7 13. Nc7+ Kd8 14. Nxa8
Qxe2+ 15. Kxe2 Kc8 16. c3 dxc3 17. dxc3 Kb8 18. Rd1 Kxa8 19. Rxd7 b6 20. Bf4 c4
21. Rad1 Bc5 22. Rd8+ Rxd8 23. Rxd8+ Kb7 24. Rb8+ Ka6 25. b4 Be7 26. Re8 Bf6
27. Be5 Bxe5 28. Rxe5 g6 29. a4 h5 30. b5+ Ka5 31. Re4 Kxa4 32. Rxc4+ Kxb5 33.
Rd4 a5 34. c4+ Ka4 35. Rd3 Kb4 36. Rd4 a4 37. Kd3 Kb3 38. Rd5 a3 39. Rd7 Kb2
40. Ra7 a2 41. Kd4 a1=Q 42. Rxa1 Kxa1 43. c5 bxc5+ 44. Kxc5 Kb2 45. f4 Kc3 46.
h4 Kd3 47. Kd5 Ke3 48. Ke5 Kf2 49. f5 gxf5 50. Kxf5 Kg3 51. Kg5 Kxg2 52. Kxh5
Kg3 53. Kg5 Kh3 54. h5 Kg3 55. h6 Kf3 56. h7 Kf2 57. h8=Q Ke2 58. Qh3 Kd2 59.
Kf4 Ke2 60. Ke4 Kd2 61. Qe3+ Kc2 62. Kd4 Kb2 63. Kc4 Kc2 64. Qe2+ Kc1 65. Kb3
Kb1 66. Qb2# 1-0

[Event "Junior Online 4NCL Division 3"]
[Site "online"]
[Date "2020.10.29"]
[Round "6.124"]
[White "Palampathi, Sanjit"]
[Black "Patel-Davis, Riyan"]
[Result "1-0"]
[WhiteElo "917"]
[BlackElo "910"]
[PlyCount "47"]
[EventDate "2020.10.29"]
[WhiteTeam "Uxbridge Juniors B"]
[BlackTeam "Harrow Juniors E"]

1. e4 e5 2. Nf3 Nc6 3. Bc4 Nf6 4. Ng5 d5 5. exd5 Nxd5 6. Bxd5 Qxg5 7. d3 Qxg2
8. Bxg2 Nd4 9. O-O h5 10. Nc3 Bg4 11. f3 Be6 12. Be3 Bd7 13. f4 exf4 14. Bxd4
O-O-O 15. Bxa7 Bg4 16. Bf3 Bh3 17. Re1 b6 18. Qe2 Bc5+ 19. Kh1 g5 20. Qe4 g4
21. Qb7+ Kd7 22. Qc6+ Kc8 23. Nb5 gxf3 24. Qxc7# 1-0

[Event "Junior Online 4NCL Division 3"]
[Site "online"]
[Date "2020.10.29"]
[Round "6.127"]
[White "Mangalagiri, Pranav"]
[Black "Wang, Xiling"]
[Result "1-0"]
[WhiteElo "970"]
[BlackElo "1075"]
[PlyCount "127"]
[EventDate "2020.10.29"]
[WhiteTeam "Uxbridge Juniors B"]
[BlackTeam "Harrow Juniors E"]

1. e4 e5 2. Nf3 Nc6 3. Bb5 d6 4. d3 Nf6 5. O-O Bg4 6. h3 Bxf3 7. Qxf3 Be7 8.
Bg5 O-O 9. Bxf6 Bxf6 10. Nc3 Nd4 11. Qh5 Nxb5 12. Nxb5 g6 13. Qh6 Bg7 14. Qe3
Qd7 15. Nc3 c5 16. f4 exf4 17. Rxf4 Rae8 18. Qg3 Be5 19. Qg5 Bxf4 20. Qxf4 Qe7
21. Nd5 Qe6 22. Nf6+ Kg7 23. Nxe8+ Rxe8 24. g4 h5 25. gxh5 gxh5 26. Qg5+ Qg6
27. Qxg6+ fxg6 28. Rf1 b5 29. a3 a5 30. c3 b4 31. cxb4 cxb4 32. axb4 axb4 33.
Rc1 g5 34. Rc4 b3 35. Rb4 g4 36. hxg4 hxg4 37. Kg2 Kf7 38. Kg3 Rg8 39. Rxb3 Kf6
40. Rb5 Rg5 41. Rxg5 Kxg5 42. b4 Kf6 43. b5 Ke7 44. b6 Kd7 45. b7 Kc7 46. Kxg4
Kxb7 47. Kf5 Kc6 48. d4 d5 49. e5 Kd7 50. Kf6 Kc6 51. e6 Kc7 52. Kf7 Kd6 53. e7
Kd7 54. e8=Q+ Kd6 55. Qe5+ Kc6 56. Ke6 Kb5 57. Qxd5+ Kb4 58. Qc6 Kb3 59. d5 Kb4
60. d6 Kb3 61. d7 Kb2 62. d8=Q Kb3 63. Qb8+ Ka3 64. Qca8# 1-0

[Event "Junior Online 4NCL Division 3"]
[Site "online"]
[Date "2020.10.29"]
[Round "6.128"]
[White "Patel-Davis, Riyan"]
[Black "Palampathi, Sanjit"]
[Result "1/2-1/2"]
[WhiteElo "910"]
[BlackElo "917"]
[PlyCount "36"]
[EventDate "2020.10.29"]
[WhiteTeam "Harrow Juniors E"]
[BlackTeam "Uxbridge Juniors B"]

1. e4 e5 2. Nf3 Nc6 3. Nc3 Bc5 4. Bb5 Nf6 5. Bxc6 dxc6 6. Nxe5 Bd4 7. Nf3 Bg4
8. O-O O-O 9. d3 Bxf3 10. Qxf3 Bxc3 11. bxc3 b5 12. Ba3 Re8 13. d4 Nxe4 14.
Rfe1 Qd5 15. Qd3 Re6 16. f3 f5 17. Qe2 Rae8 18. g4 Nxc3 1/2-1/2